000 01536nam0a22002531 4500
001 rc\1059739
005 20260406154531.0
035 _a(NLR Aleph) 006220567
090 _a6465380
_c6465380
100 _a20041129d1980 |||y0rusy50 ca
101 0 _arus
102 _aRU
105 _ay |||||||||
200 1 _aДеятельность органов народного образования по руководству дошкольными учреждениями
_eТез. докл. Всесоюз. науч.-практ. конф. по орг. работы дошк. учреждений и руководству обществ. дошк. воспитанием, 21-25 дек. 1980 г.
_f[Составители Т.С. Комарова и др.]
210 _aМ.
_cБ. и.
_d1980
215 _a112 с.
_d19
300 _aВ надзаг.: ВДНХ СССР, М-во просвещения СССР, Упр. по дошк. воспитанию, НИИ дошк. воспитания АПН СССР
702 1 _4220
_7ca
_8rus
_aКомарова
_bТ. С.
_cд-р пед. наук
_f1931-
_gТамара Семеновна
_9117122
_3RU\NLR\AUTH\777183
712 1 2 _aВсесоюзная науч.-практ. конф. по организации работы дошкольных учреждений и руководству общественным дошкольным воспитанием
_f1980
_eМосква
801 0 _aRU
_bNLR
_gpsbo
801 1 _aRU
_bELAR
_2rusmarc
852 _aNLR
_j81-3/3239
942 _cBOOK
980 _aNB